Gaming Quiz

Random Gaming Quiz
Score 0/100 Timer 05:00
0 Plays Today
Points of the best 40 players Tribe % Correct
538.493.527Rising Moon of Cheese
90.9%
454.560.900The Order Of Darkness
90.9%
415.889.756Fast Efficient Assault no Regret
81.8%
369.786.375Holy Imperial Roman Empire
81.8%
250.353.624Kontinent Warriors
81.8%
92.246.552Smurfs
81.8%
66.110.844Opted Out
81.8%
Points of the best 40 players Tribe % Correct
62.220.641Neutral Warriors
81.8%
36.099.206Barking Jokers
81.8%
19.431.427Ramifications
81.8%
146.963.370The Bright Dawn Rising 3
72.7%
40.787.456Rising Moon Academy
72.7%
11.351.955.SIN.
63.6%
8.690.259Devil Inside
63.6%
Remove Ads.
Support Sporcle.
Get the best of Sporcle when you Go Orange. This ad-free experience offers more features, more stats, and more fun while also helping to support Sporcle. Thank you for becoming a member.

You're not logged in!

Compare scores with friends on all Sporcle quizzes.
OR
Log In

Show Comments

Extras

Created Oct 4, 2009ReportNominate
Tags:Player, point, Top 15, tribe

Top Quizzes Today


Score Distribution

Your Account Isn't Verified!

In order to create a playlist on Sporcle, you need to verify the email address you used during registration. Go to your Sporcle Settings to finish the process.

Report this User

Report this user for behavior that violates our Community Guidelines.

Details: